000 00505nam a2200217 a 4500
001 nice12345678
003 IN_TiNIC
005 20260116013852.0
008 050524s0000 lona grp 000 0 eng
020 _a
_c0
082 0 0 _a361.763
_bGUI
100 _aGuigt, Irene
245 _aMyth of Community
260 _aLondon
_bWatts and Company
_c0000
500 _aincludes index and biblioraphy
505 2 _aIndex
700 1 _aGuigt, Irene
902 _bSRS
942 _cBK
999 _c12871
_d12871